000 01256cam a2200373Mi 4500
001 on1048755962
003 TZ-ArACH
005 20240913145249.0
008 180627s2016 enk b 001 0 eng d
020 _a9781138968554
_q(paperback)
020 _a1138968552
035 _a(OCoLC)1048755962
040 _aEQO
_beng
_erda
_cTZ-ArACH
049 _aTZAA
050 _aJF1001
_b.R38 1992
100 1 _aReeve, Andrew,
_eauthor.
245 1 0 _aElectoral systems :
_ba comparative and theorectical introduction /
_cAndrew Reeve and Alan Ware.
260 _aLondon ;
_aNew York :
_bRoutledge,
_c1992.
300 _avi, 190 pages ;
_c22 cm
490 1 _aTheory and practice in British politics
500 _aOriginally published 1992 by Routledge.
504 _aIncludes bibliographical references and index.
650 0 _aElections.
_917188
650 0 _aVoting.
650 0 _aDemocracy.
_911142
650 0 _aRepresentative government and representation.
650 7 _aDemocracy.
_2fast
_911142
650 7 _aElections.
_2fast
_917188
650 7 _aRepresentative government and representation.
_2fast
650 7 _aVoting.
_2fast
700 1 _aWare, Alan,
_eauthor.
830 0 _aTheory and practice in British politics.
942 _2lcc
_cBOOK
999 _c6323
_d6323